00355nam a22001337a 4500003000400000005001700004008004100021040000800062050001000070082001000080245007200090260004900162300001000211OSt20260618050335.0260618b |||||||| |||| 00| 0 eng d cDLC bER69F bER69F aF.B. Meyer, The Best From All His WorkcEdited by Charles Erlandson aNashville:bThomas Nelson Publishers,c1988. a288p.